|
|
|
|
| LEADER |
00000nbm0a2200000 4500 |
| 001 |
71488 |
| 005 |
20231101212602.0 |
| 035 |
|
|
|a (RuTPU)RU\TPU\book\76116
|
| 090 |
|
|
|a 71488
|
| 100 |
|
|
|a 20041217j20041208k y0rusy50 ca
|
| 101 |
0 |
|
|a rus
|
| 102 |
|
|
|a RU
|
| 105 |
|
|
|a a m 001zy
|
| 200 |
1 |
|
|a Потенциометрическое определение йодид-ионов в биологической среде с использованием ионселективных электродов
|e диссертация на соискание ученой степени кандидата химических наук
|e спец. 02.00.02
|f С. А. Безрукова
|g Томский политехнический университет, Северский государственный технологический институт; науч. рук. Н. А. Колпакова, А. С. Буйновский
|
| 210 |
|
|
|a Томск
|c [Б. и.]
|d 2004
|
| 215 |
|
|
|a 163 л.
|c ил.
|
| 229 |
|
|
|a Защищена 08.12.2004 г.
|
| 320 |
|
|
|a Библиогр.: с. 123-131 (120 назв.)
|
| 606 |
1 |
|
|a Потенциометрия
|2 stltpush
|3 (RuTPU)RU\TPU\subj\50953
|9 69567
|
| 610 |
1 |
|
|a аналитическая химия
|
| 610 |
1 |
|
|a йодид-ионы
|
| 610 |
1 |
|
|a определение
|
| 610 |
1 |
|
|a исследование
|
| 610 |
1 |
|
|a физико-химические методы
|
| 610 |
1 |
|
|a потенциометрический метод
|
| 610 |
1 |
|
|a ионселективные электроды
|
| 610 |
1 |
|
|a диссертации
|
| 675 |
|
|
|a 543.554(04)
|v 3
|
| 686 |
|
|
|a 02.00.02
|2 oksvnk
|
| 700 |
|
1 |
|a Безрукова
|b С. А.
|g Светлана Александровна
|
| 702 |
|
1 |
|a Колпакова
|b Н. А.
|c девичья фамилия Полукарова
|c российский химик
|c профессор Томского политехнического университета, доктор химических наук
|c Почетный химик России (1996 г.)
|f 1942-
|g Нина Александровна
|2 stltpush
|3 (RuTPU)RU\TPU\pers\21963
|4 727
|
| 702 |
|
1 |
|a Буйновский
|b А. С.
|c химик
|c профессор Томского политехнического университета
|f 1940-
|g Александр Сергеевич
|2 stltpush
|3 (RuTPU)RU\TPU\pers\21950
|4 727
|
| 712 |
0 |
2 |
|a Томский политехнический университет
|2 stltpush
|3 (RuTPU)RU\TPU\col\376
|
| 712 |
0 |
2 |
|a Северский государственный технологический институт
|2 stltpush
|3 (RuTPU)RU\TPU\col\5883
|
| 801 |
|
1 |
|a RU
|b 63413507
|c 20041217
|g PSBO
|
| 801 |
|
2 |
|a RU
|b 63413507
|c 20230201
|g PSBO
|
| 942 |
|
|
|c BK
|